Das Judentum in der Philosophie Schopenhauers
| Main Author: | |
|---|---|
| Format: | Print Article |
| Language: | German |
| Check availability: | HBZ Gateway |
| Interlibrary Loan: | Interlibrary Loan for the Fachinformationsdienste (Specialized Information Services in Germany) |
| Published: |
1991
|
| In: |
Israel und Kirche heute
Year: 1991, Pages: 256-272 |
| Further subjects: | B
Schopenhauer, Arthur
B Anti-semitism B Judaism B Antisemitism B Schopenhauer,Arthur |
MARC
| LEADER | 00000caa a22000002c 4500 | ||
|---|---|---|---|
| 001 | 1444017543 | ||
| 003 | DE-627 | ||
| 005 | 20240618174415.0 | ||
| 007 | tu | ||
| 008 | 121112s1991 xx ||||| 00| ||ger c | ||
| 020 | |a 3451223309 | ||
| 035 | |a (DE-627)1444017543 | ||
| 035 | |a (DE-576)374017549 | ||
| 035 | |a (DE-599)BSZ374017549 | ||
| 040 | |a DE-627 |b ger |c DE-627 |e rakwb | ||
| 041 | |a ger | ||
| 084 | |a 0 |a 1 |2 ssgn | ||
| 100 | 1 | |0 (DE-588)119409593 |0 (DE-627)080223125 |0 (DE-576)160454611 |4 aut |a Brumlik, Micha |d 1947-2025 | |
| 109 | |a Brumlik, Micha 1947-2025 |a Brumlik, M. 1947-2025 |a Brumlik, Michael 1947-2025 | ||
| 245 | 1 | 4 | |a Das Judentum in der Philosophie Schopenhauers |c von Micha Brumlik |
| 264 | 1 | |c 1991 | |
| 336 | |a Text |b txt |2 rdacontent | ||
| 337 | |a ohne Hilfsmittel zu benutzen |b n |2 rdamedia | ||
| 338 | |a Band |b nc |2 rdacarrier | ||
| 600 | 1 | 4 | |a Schopenhauer, Arthur |
| 601 | |a Judentum | ||
| 601 | |a Philosophie | ||
| 650 | 4 | |a Judentum | |
| 650 | 4 | |a Antisemitismus | |
| 650 | 4 | |a Schopenhauer,Arthur | |
| 650 | 4 | |a Anti-semitism | |
| 773 | 0 | 8 | |i In |t Israel und Kirche heute |d Freiburg im Breisgau : Herder, 1991 |g (1991), S. 256-272 |h 439 S. |w (DE-627)276224418 |w (DE-576)024195596 |z 3451223309 |7 nnam |
| 773 | 1 | 8 | |g year:1991 |g pages:256-272 |
| 889 | |w (DE-627)597386382 | ||
| 935 | |i mdedup | ||
| 951 | |a AR | ||
| ELC | |b 1 | ||
| ITA | |a 1 |t 1 | ||
| ORI | |a SA-MARC-ixtheo_oa001.raw | ||
| REL | |a 1 | ||
| STA | 0 | 0 | |a Antisemitism,Antisemitism,Antisemitism in art,Judaism,Judaism,Judaism in literature |
| STB | 0 | 0 | |a Antisémitisme,Antisémitisme,Judaïsme,Judaïsme |
| STC | 0 | 0 | |a Antisemitismo,Antisemitismo,Judaísmo,Judaísmo |
| STD | 0 | 0 | |a Antisemitismo,Antisemitismo,Ebraismo,Ebraismo |
| STE | 0 | 0 | |a 反犹太主义,反犹太主义,犹太教,犹太教 |
| STF | 0 | 0 | |a 反猶太主義,反猶太主義,猶太教,猶太教 |
| STG | 0 | 0 | |a Antissemitismo,Antissemitismo,Judaísmo,Judaísmo |
| STH | 0 | 0 | |a Антисемитизм (мотив),Антисемитизм,Иудаизм,Иудаизм (мотив) |
| STI | 0 | 0 | |a Αντισημιτισμός (μοτίβο),Αντισημιτισμός,Ιουδαϊσμός,Ιουδαϊσμός (μοτίβο) |
| SUB | |a REL | ||
| SYA | 0 | 0 | |a Schopenhauer, Arthur |
| SYE | 0 | 0 | |a Judaism,Judaismus,Jüdische Religion,Zionism,Zionismus,Jüdische Religion,Judaismus,Jüdische Religion,Judaismus , Judenfeindschaft,Judenhass,Judenfeindschaft,Judenhass |



